[Event "Fagernes Chess International"]
[Site "Thon Hotell Fagernes"]
[Date "2016.03.20"]
[Round "7"]
[White "Johannessen, Leif E"]
[Black "Hauge, Lars Oskar"]
[Result "0-1"]
[WhiteElo "2497"]
[BlackElo "2393"]
[PlyCount "96"]
[EventDate "2016.??.??"]

1. d4 Nf6 2. Nf3 e6 3. c4 b6 4. Nc3 Bb4 5. Qc2 Bb7 6. a3 Bxc3+ 7. Qxc3 O-O 8.
e3 d6 9. Be2 Nbd7 10. O-O Qe7 11. b4 Ne4 12. Qc2 f5 13. Bb2 Rf6 14. d5 Rh6 15.
g3 e5 16. Ne1 b5 17. Ng2 bxc4 18. Bxc4 Nb6 19. Bb3 Nf6 20. f3 Bxd5 21. Bxd5+
Nbxd5 22. e4 fxe4 23. fxe4 Nb6 24. Ne3 Rg6 25. a4 Rc8 26. a5 Nbd7 27. Qc4+ Kh8
28. Nf5 Qf8 29. Qc6 d5 30. exd5 Qxb4 31. Ba3 Qd2 32. Rac1 Qa2 33. Ne7 Qxa3 34.
Nxg6+ hxg6 35. d6 Qxa5 36. dxc7 Qb6+ 37. Kg2 Qxc6+ 38. Rxc6 Nd5 39. Ra1 Kg8 40.
Rxa7 Kf7 41. Rb7 N7f6 42. Kf3 Ke7 43. g4 g5 44. Kg3 Kd7 45. Rc2 Ne4+ 46. Kf3
Nec3 47. Kg3 e4 48. h4 e3 
0-1

[Event "Fagernes Chess International"]
[Site "Thon Hotell Fagernes"]
[Date "2016.03.20"]
[Round "7"]
[White "Meskovs, Nikita"]
[Black "Kjølberg, Jens Hjorth"]
[Result "1-0"]
[WhiteElo "2469"]
[BlackElo "2164"]
[PlyCount "83"]
[EventDate "2016.??.??"]

1. d4 Nf6 2. c4 e6 3. Nc3 Bb4 4. f3 O-O 5. a3 Bxc3+ 6. bxc3 Nh5 7. Nh3 f5 8. e4
fxe4 9. Bg5 Qe8 10. fxe4 d6 11. e5 dxe5 12. Be2 Nf6 13. O-O Nbd7 14. c5 h6 15.
Bxf6 Rxf6 16. Rxf6 Nxf6 17. dxe5 Nd7 18. Qd4 Nf8 19. Rb1 Rb8 20. Bf3 Bd7 21.
Rxb7 Rxb7 22. Bxb7 Bc6 23. Bxc6 Qxc6 24. Nf4 Nd7 25. Nd3 a5 26. Kf2 Nf8 27. a4
Ng6 28. Qc4 Kh7 29. h4 h5 30. Kg3 Ne7 31. Nf4 Ng6 32. Qxe6 Qxe6 33. Nxe6 c6 34.
Nd8 Nxe5 35. Nb7 Nd3 36. Kf3 Nb2 37. Ke4 Nxa4 38. Kd4 Kg6 39. Nxa5 Kf5 40. Nxc6
Kg4 41. Ne7 Kxh4 42. c6 
1-0

[Event "Fagernes Chess International"]
[Site "Thon Hotell Fagernes"]
[Date "2016.03.20"]
[Round "7"]
[White "Salomon, Johan"]
[Black "Gandrud, Vegar Koi"]
[Result "1/2-1/2"]
[WhiteElo "2452"]
[BlackElo "2300"]
[PlyCount "82"]
[EventDate "2016.??.??"]

1. Nf3 Nf6 2. c4 c5 3. Nc3 Nc6 4. g3 g6 5. Bg2 Bg7 6. O-O O-O 7. d4 cxd4 8.
Nxd4 Qb6 9. Nc2 d6 10. Ne3 Be6 11. Qd2 Qa5 12. Ned5 Rfe8 13. Rd1 Rac8 14. Rb1
Ne5 15. b3 Bf5 16. Nxf6+ Bxf6 17. Ne4 Qxd2 18. Bxd2 Bg7 19. Rbc1 b6 20. Nc3 Bd7
21. h3 Bc6 22. Nd5 Nd7 23. e4 Nc5 24. Bg5 Kf8 25. f3 h6 26. Be3 Red8 27. Bf1 e6
28. Nf4 Ke7 29. Be2 Be8 30. h4 Be5 31. Kf2 Bc6 32. Bf1 g5 33. hxg5 hxg5 34. Nd3
g4 35. Nxc5 dxc5 36. Rxd8 Rxd8 37. f4 Bb2 38. Rb1 Bd4 39. Bg2 Bxe3+ 40. Kxe3
Rh8 41. Rh1 Rxh1 
1/2-1/2

[Event "Fagernes Chess International"]
[Site "Thon Hotell Fagernes"]
[Date "2016.03.20"]
[Round "7"]
[White "Christiansen, Johan-Sebastian"]
[Black "Ranaldi, Lucas"]
[Result "1-0"]
[WhiteElo "2401"]
[BlackElo "2132"]
[PlyCount "67"]
[EventDate "2016.??.??"]

1. c4 b6 2. Nc3 Bb7 3. d4 e6 4. e4 Bb4 5. f3 f5 6. exf5 Nh6 7. Nh3 Nxf5 8. a3
Be7 9. d5 O-O 10. Be2 Bh4+ 11. g3 Bf6 12. O-O Qe7 13. Kh1 Nd6 14. Bf4 e5 15.
Be3 Nf5 16. Bg1 a5 17. Bd3 g6 18. Qd2 Na6 19. Rae1 Rae8 20. Nf2 Nc5 21. Bc2 Nd4
22. Ng4 Nxc2 23. Qxc2 Na6 24. f4 d6 25. f5 gxf5 26. Nh6+ Kh8 27. Nxf5 Qf7 28.
Qe4 Qg6 29. Rf3 Rf7 30. Ref1 Bc8 31. Nxd6 cxd6 32. Qxg6 hxg6 33. Rxf6 Rxf6 34.
Rxf6 
1-0

[Event "Fagernes Chess International"]
[Site "Thon Hotell Fagernes"]
[Date "2016.03.20"]
[Round "7"]
[White "Haug, Johannes"]
[Black "Pettersen, Joar Gullestad"]
[Result "1-0"]
[WhiteElo "2267"]
[BlackElo "2062"]
[PlyCount "59"]
[EventDate "2016.??.??"]

1. e4 e6 2. d4 d5 3. Nd2 c5 4. exd5 Qxd5 5. Ngf3 cxd4 6. Bc4 Qd6 7. O-O Nf6 8.
Nb3 Nc6 9. Nbxd4 Nxd4 10. Nxd4 a6 11. Re1 Qc7 12. Qe2 h6 13. c3 Bc5 14. Nf5 Kf8
15. Ng3 g6 16. b4 Ba7 17. Bb2 Kg7 18. Bb3 Rd8 19. Rad1 Bd7 20. c4 Bc6 21. Be5
Qe7 22. b5 axb5 23. cxb5 Bd5 24. Bxd5 exd5 25. Qf3 Rd7 26. Bc3 Qd8 27. Re8 Qxe8
28. Qxf6+ Kf8 29. Qh8+ Ke7 30. Re1+ 
1-0

[Event "Fagernes Chess International"]
[Site "Thon Hotell Fagernes"]
[Date "2016.03.20"]
[Round "7"]
[White "Haugli, Petter"]
[Black "Dahl, Trygve"]
[Result "1-0"]
[WhiteElo "2244"]
[BlackElo "2201"]
[PlyCount "65"]
[EventDate "2016.??.??"]

1. c4 f5 2. Nf3 Nf6 3. g3 d6 4. Bg2 e5 5. d3 Be7 6. Nc3 O-O 7. O-O Qe8 8. Rb1
Qh5 9. b4 f4 10. e3 fxe3 11. fxe3 Ng4 12. Nd5 Bd8 13. h3 Nh6 14. g4 Qg6 15. e4
Nf7 16. Qe1 c6 17. Ne3 h5 18. gxh5 Qxh5 19. Qg3 Ng5 20. Nxg5 Bxg5 21. Rxf8+
Kxf8 22. Nf5 Qd1+ 23. Kh2 Bxf5 24. Qxg5 Bd7 25. Qd8+ Kf7 26. Ra1 Qe1 27. Qh8
Be8 28. Bh6 Qxa1 29. Qxg7+ Ke6 30. Bg5 Bf7 31. Qf6+ Kd7 32. Qe7+ Kc8 33. Qd8#
1-0

[Event "Fagernes Chess International"]
[Site "Thon Hotell Fagernes"]
[Date "2016.03.20"]
[Round "7"]
[White "Darnell, Anton"]
[Black "Kaasen, Tor Fredrik"]
[Result "0-1"]
[WhiteElo "2110"]
[BlackElo "2209"]
[PlyCount "76"]
[EventDate "2016.??.??"]

1. d4 Nf6 2. c4 g6 3. Nc3 Bg7 4. e4 d6 5. Nge2 O-O 6. Ng3 c5 7. d5 a6 8. Be2 b5
9. cxb5 axb5 10. Bxb5 Qa5 11. O-O h5 12. Bd3 Nbd7 13. Bg5 Ne5 14. Be2 Ba6 15.
Bxa6 Qxa6 16. Qe2 Rfb8 17. Qxa6 Rxa6 18. b3 Nd3 19. Rad1 Nb2 20. Rc1 Nh7 21.
Be3 Nd3 22. Rc2 Nb4 23. Rcc1 Nxa2 24. Nxa2 Rxa2 25. Rb1 h4 26. Nh1 Ra3 27. b4
cxb4 28. Rfd1 b3 29. Bd4 Nf6 30. f3 Nd7 31. Bxg7 Kxg7 32. Nf2 Nc5 33. Rd2 Na4
34. Nd1 b2 35. Nxb2 Rab3 36. Nxa4 Rxb1+ 37. Kf2 R8b3 38. Rc2 Ra3 
0-1

[Event "Fagernes Chess International"]
[Site "Thon Hotell Fagernes"]
[Date "2016.03.20"]
[Round "7"]
[White "Fossan, Andreas"]
[Black "Gutsko, Anastasia"]
[Result "1/2-1/2"]
[WhiteElo "2069"]
[BlackElo "2154"]
[PlyCount "63"]
[EventDate "2016.??.??"]

1. d4 Nf6 2. c4 e6 3. Nc3 Bb4 4. e3 b6 5. Nge2 Bb7 6. a3 Be7 7. d5 e5 8. Ng3 g6
9. e4 h5 10. Bd3 h4 11. Nge2 d6 12. b4 Nbd7 13. O-O Nh5 14. f4 exf4 15. Nxf4
Nxf4 16. Bxf4 Bf6 17. Rc1 Kf8 18. Qf3 Kg7 19. h3 Qe7 20. Ne2 Ne5 21. Qe3 Rae8
22. Bxe5 Qxe5 23. c5 Bxd5 24. Qf3 Bb3 25. Bb5 c6 26. Bxc6 Rc8 27. Bb7 Rc7 28.
Qxb3 Rxb7 29. c6 Rc7 30. Qd3 Re8 31. Qf3 Bg5 32. Rc2 
1/2-1/2

[Event "Fagernes Chess International"]
[Site "Thon Hotell Fagernes"]
[Date "2016.03.20"]
[Round "7"]
[White "Bjerke, Richard"]
[Black "Løbersli, Henrik Øie"]
[Result "1-0"]
[WhiteElo "2109"]
[BlackElo "2134"]
[PlyCount "79"]
[EventDate "2016.??.??"]

1. d4 Nf6 2. c4 e6 3. Nf3 d5 4. g3 dxc4 5. Bg2 Bd7 6. Ne5 Bc6 7. Nxc6 Nxc6 8.
Qa4 Qd7 9. Qxc4 O-O-O 10. e3 Nd5 11. Nc3 h5 12. h4 Be7 13. Bd2 f5 14. Qe2 Ncb4
15. Kf1 Bf6 16. Rc1 Kb8 17. Bf3 g6 18. Kg2 Qe7 19. a3 Nxc3 20. bxc3 Nd5 21. a4
e5 22. dxe5 Bxe5 23. Rb1 Qd7 24. a5 c6 25. Qc4 Ka8 26. Rb2 Rh7 27. Rhb1 Qe6 28.
Qa2 Bf6 29. Qa3 g5 30. hxg5 Bxg5 31. Qa4 a6 32. c4 Nf6 33. Bc3 Ne4 34. Bd4 c5
35. Rb6 Qe7 36. Rxa6+ bxa6 37. Qc6+ Ka7 38. Rb6 Qb7 39. Rxb7+ Rxb7 40. Bxc5+
1-0

[Event "Fagernes Chess International"]
[Site "Thon Hotell Fagernes"]
[Date "2016.03.20"]
[Round "7"]
[White "Risting, Eivind Olav"]
[Black "Machlik, Monika"]
[Result "1-0"]
[WhiteElo "2102"]
[BlackElo "2055"]
[PlyCount "73"]
[EventDate "2016.??.??"]

1. d4 Nf6 2. c4 e6 3. Nc3 Bb4 4. Qc2 O-O 5. Nf3 c5 6. dxc5 Na6 7. g3 Nxc5 8.
Bg2 d6 9. O-O Bxc3 10. Qxc3 a5 11. Rd1 Qe7 12. b3 Rd8 13. Be3 b6 14. Nd4 Bb7
15. Nc6 Bxc6 16. Bxc6 Rac8 17. Bf3 d5 18. cxd5 exd5 19. Rac1 Nfe4 20. Qb2 Qe6
21. Bd4 f6 22. Rc2 Rc6 23. Qc1 Rdc8 24. Qe3 Qf5 25. Rdc1 h6 26. a3 Qe6 27. h4
Kh8 28. Kh2 f5 29. Bg2 Qd6 30. Bh3 Qd7 31. b4 axb4 32. axb4 Na4 33. Rxc6 Rxc6
34. Bxf5 Qd6 35. Rxc6 Qxc6 36. f3 Nd6 37. Qxh6+ 
1-0

[Event "Fagernes Chess International"]
[Site "Thon Hotell Fagernes"]
[Date "2016.03.20"]
[Round "7"]
[White "Grønnestad, Anita"]
[Black "Machlik, Edit"]
[Result "0-1"]
[WhiteElo "1957"]
[BlackElo "2056"]
[PlyCount "152"]
[EventDate "2016.??.??"]

1. c4 e5 2. Nc3 Nf6 3. d3 d5 4. cxd5 Nxd5 5. Nf3 Nc6 6. g3 Be7 7. Bg2 Nb6 8.
O-O O-O 9. Bd2 Be6 10. Rc1 f6 11. a3 Qd7 12. Ne4 Nd4 13. Nxd4 exd4 14. Qc2 c6
15. Nc5 Bxc5 16. Qxc5 Rfe8 17. Rfe1 Bg4 18. a4 Re5 19. Qb4 Rae8 20. a5 Rb5 21.
Qa3 Nd5 22. Rc4 Nc7 23. Bf4 Ne6 24. Bd2 a6 25. Qa2 Kh8 26. h3 Bh5 27. Qa3 Re5
28. e3 dxe3 29. Rxe3 Rxe3 30. Bxe3 Rd8 31. Rh4 Bg6 32. d4 Nc7 33. d5 Nxd5 34.
Rd4 Bf7 35. Qd3 Qe8 36. Re4 Qg8 37. Rh4 Nxe3 38. Rxh7+ Qxh7 39. Qxd8+ Qg8 40.
Qxg8+ Kxg8 41. fxe3 Kf8 42. Kf2 Ke7 43. Ke1 Kd6 44. Kd2 Bd5 45. Bf1 c5 46. Kc3
Ke5 47. Kd2 Be4 48. Kc3 Bc6 49. Kd2 Kd5 50. Kc3 Ke4 51. Bg2+ Kxe3 52. Bxc6 bxc6
53. Kc4 f5 54. Kxc5 Kf3 55. Kb6 Kxg3 56. Kxa6 f4 57. Kb7 f3 58. a6 f2 59. a7
f1=Q 60. a8=Q Qf7+ 61. Kb6 Qb3+ 62. Kc7 Qxb2 63. Qh8 Qf6 64. Qh5 g5 65. Qg4+
Kh2 66. Kb6 Qf2+ 67. Kb7 Qg2 68. Qf5 c5+ 69. Kb6 c4 70. Qe6 c3 71. Qe5+ Qg3 72.
Qe2+ Kxh3 73. Qh5+ Kg2 74. Qg6 c2 75. Qe4+ Qf3 76. Qc4 Qe3+ 
0-1

[Event "Fagernes Chess International"]
[Site "Thon Hotell Fagernes"]
[Date "2016.03.20"]
[Round "8"]
[White "Hauge, Lars Oskar"]
[Black "Shankland, Samuel L"]
[Result "0-1"]
[WhiteElo "2393"]
[BlackElo "2648"]
[PlyCount "100"]
[EventDate "2016.??.??"]

1. e4 c5 2. Nf3 e6 3. d4 cxd4 4. Nxd4 Nc6 5. Nc3 Qc7 6. g3 a6 7. Bg2 Nf6 8. O-O
d6 9. Re1 Nd7 10. Bg5 Nde5 11. Nxc6 bxc6 12. f4 Ng6 13. f5 Ne5 14. f6 h6 15.
fxg7 Bxg7 16. Bf4 Rb8 17. Rb1 Ke7 18. Kh1 Bd7 19. Qh5 Be8 20. Qe2 a5 21. Nd1 c5
22. Nf2 Ng6 23. Bc1 h5 24. h4 Be5 25. Qf3 c4 26. Nh3 f6 27. Nf4 Bxf4 28. Bxf4
Nxf4 29. Qxf4 Qc5 30. Rf1 Qe5 31. Qxe5 fxe5 32. Rf3 Bg6 33. Re3 Rb4 34. a3 Rb5
35. b4 cxb3 36. Rbxb3 Rxb3 37. Rxb3 Rc8 38. Rb5 Rc4 39. Rxa5 Bxe4 40. Bxe4 Rxe4
41. Ra8 Re1+ 42. Kg2 Re2+ 43. Kf3 Rxc2 44. a4 Rc3+ 45. Kf2 e4 46. a5 Kf6 47. a6
Ra3 48. a7 Ke5 49. g4 hxg4 50. h5 Rf3+ 0-1

[Event "Fagernes Chess International"]
[Site "Thon Hotell Fagernes"]
[Date "2016.03.20"]
[Round "8"]
[White "Romanov, Evgeny"]
[Black "Vovk, Andrey"]
[Result "1-0"]
[WhiteElo "2635"]
[BlackElo "2638"]
[PlyCount "87"]
[EventDate "2016.??.??"]

1. d4 f5 2. c4 Nf6 3. Nc3 d6 4. Bg5 Nbd7 5. e3 g6 6. Bd3 Bg7 7. Nge2 e5 8. O-O
O-O 9. f3 c6 10. Bc2 a6 11. a4 a5 12. Qd2 b6 13. d5 c5 14. Nb5 Nb8 15. f4 Na6
16. e4 Nb4 17. fxe5 dxe5 18. exf5 Nxc2 19. Qxc2 Bxf5 20. Qb3 Qd7 21. Ng3 Ne4
22. Nxe4 Bxe4 23. h3 Bf5 24. Qe3 h5 25. Rf2 Kh7 26. Raf1 Rae8 27. Qg3 Rf7 28.
Nc3 Ref8 29. Re2 e4 30. Nxe4 Bxe4 31. Rxf7 Rxf7 32. Rxe4 Qxa4 33. b3 Qa1+ 34.
Qe1 Qb2 35. Re7 Rf5 36. h4 b5 37. cxb5 Qd4+ 38. Qe3 Qxd5 39. Bh6 Rf7 40. Rxf7
Qxf7 41. Bxg7 Kxg7 42. b6 Kh7 43. Qxc5 Qxb3 44. Qe7+ 1-0

[Event "Fagernes Chess International"]
[Site "Thon Hotell Fagernes"]
[Date "2016.03.20"]
[Round "8"]
[White "Getz, Nicolai"]
[Black "Neiksans, Arturs"]
[Result "0-1"]
[WhiteElo "2407"]
[BlackElo "2607"]
[PlyCount "96"]
[EventDate "2016.??.??"]

1. e4 c5 2. Nf3 e6 3. d4 cxd4 4. Nxd4 a6 5. c4 Nf6 6. Nc3 Qc7 7. Be2 Bb4 8. Qd3
b6 9. a3 Be7 10. f4 d6 11. b4 Bb7 12. O-O Nbd7 13. Qe3 g6 14. Bb2 Rc8 15. Rac1
Qb8 16. h3 O-O 17. f5 e5 18. Nb3 Kg7 19. Nd2 h6 20. g4 Qc7 21. Rcd1 Qd8 22. Nf3
Rh8 23. Rf2 gxf5 24. exf5 Qc7 25. Rg2 Rcg8 26. Nd5 Nxd5 27. cxd5 Kf8 28. Rc1
Qd8 29. Rc6 b5 30. a4 Bxc6 31. dxc6 Nf6 32. axb5 axb5 33. Bxb5 Qb8 34. Bc4 Qxb4
35. Bf1 Nd5 36. Qc1 Qb6+ 37. Kh2 Ne3 38. Rg1 Kg7 39. Ba3 Rc8 40. Nxe5 dxe5 41.
Bxe7 Rxc6 42. f6+ Kg8 43. Qa1 Rc2+ 44. Rg2 Qc6 45. Rxc2 Qxc2+ 46. Kg1 Nxf1 47.
Qxf1 Kh7 48. Qf5+ Qxf5 0-1

[Event "Fagernes Chess International"]
[Site "Thon Hotell Fagernes"]
[Date "2016.03.20"]
[Round "8"]
[White "Lie, Kjetil A"]
[Black "Urkedal, Frode Olav Olsen"]
[Result "0-1"]
[WhiteElo "2535"]
[BlackElo "2507"]
[PlyCount "94"]
[EventDate "2016.??.??"]

1. e4 e6 2. d3 d5 3. Nd2 c5 4. Ngf3 Nc6 5. g3 Nf6 6. Bg2 Be7 7. O-O Qc7 8. Re1
b6 9. Qe2 Bb7 10. e5 Nd7 11. c4 d4 12. h4 h6 13. h5 Rg8 14. Nf1 g5 15. hxg6
Rxg6 16. Bf4 O-O-O 17. N1d2 Bg5 18. Bxg5 hxg5 19. g4 Rh8 20. Nf1 Rgg8 21. Ng3
Ne7 22. Ne4 Nxe5 23. Nxe5 Qxe5 24. Qf3 Kb8 25. Qg3 Qxg3 26. fxg3 Kc7 27. Re2
Bxe4 28. Bxe4 Nc8 29. b4 cxb4 30. c5 bxc5 31. a3 b3 32. Rc1 Kd6 33. Rb2 Ne7 34.
Rxb3 Rb8 35. Rcb1 Rxb3 36. Rxb3 Rc8 37. Kf2 Rc7 38. Rb8 Nd5 39. Rg8 f6 40. Rg6
Rf7 41. Rg8 Rb7 42. Rd8+ Ke5 43. Rc8 Rb2+ 44. Kf3 Rc2 45. a4 Ne3 46. a5 Nd1 47.
a6 Rf2# 0-1

[Event "Fagernes Chess International"]
[Site "Thon Hotell Fagernes"]
[Date "2016.03.20"]
[Round "8"]
[White "Gandrud, Vegar Koi"]
[Black "De Firmian, Nick E"]
[Result "1/2-1/2"]
[WhiteElo "2300"]
[BlackElo "2508"]
[PlyCount "60"]
[EventDate "2016.??.??"]

1. d4 Nf6 2. c4 e6 3. Nf3 c5 4. d5 exd5 5. cxd5 d6 6. Nc3 g6 7. Bf4 a6 8. a4
Bg7 9. h3 O-O 10. e3 Qe7 11. Be2 Nbd7 12. O-O Ne8 13. Nd2 Ne5 14. Re1 f5 15.
Qb3 Nf6 16. a5 Kh8 17. Bf1 Nfd7 18. Bh2 g5 19. f4 Nf7 20. Nc4 gxf4 21. exf4 Qd8
22. Bd3 Nf6 23. Re2 Rb8 24. Nb6 Nh6 25. Rae1 Bd7 26. Qc2 Re8 27. Rxe8+ Nxe8 28.
Bg3 Nc7 29. Nxd7 Qxd7 30. Bh4 Re8 1/2-1/2

[Event "Fagernes Chess International"]
[Site "Thon Hotell Fagernes"]
[Date "2016.03.20"]
[Round "8"]
[White "Johannessen, Leif E"]
[Black "Bjerke, Richard"]
[Result "1-0"]
[WhiteElo "2497"]
[BlackElo "2109"]
[PlyCount "46"]
[EventDate "2016.??.??"]

1. d4 Nf6 2. Nf3 g6 3. c4 Bg7 4. Nc3 O-O 5. e4 d6 6. h3 e5 7. d5 Nh5 8. g3 f5
9. exf5 gxf5 10. Ng5 Nf6 11. Bg2 Qe7 12. O-O h6 13. Nf3 a5 14. Nh4 Qe8 15. f4
Nh5 16. Kh2 Bf6 17. Bf3 Nxf4 18. gxf4 Bxh4 19. Bh5 Qe7 20. fxe5 f4 21. e6 Bg3+
22. Kg2 Rf5 23. Ne4 Nc6 1-0

[Event "Fagernes Chess International"]
[Site "Thon Hotell Fagernes"]
[Date "2016.03.20"]
[Round "8"]
[White "Houska, Jovanka"]
[Black "Meskovs, Nikita"]
[Result "1-0"]
[WhiteElo "2387"]
[BlackElo "2469"]
[PlyCount "77"]
[EventDate "2016.??.??"]

1. d4 Nf6 2. Nf3 e6 3. c4 c5 4. d5 exd5 5. cxd5 d6 6. Nc3 g6 7. Nd2 Bg7 8. e4
O-O 9. Be2 Re8 10. O-O a6 11. a4 Nbd7 12. h3 g5 13. Nc4 Nxe4 14. Nxe4 Rxe4 15.
Nxd6 Rd4 16. Qc2 Nb6 17. Nxc8 Rxc8 18. Be3 Rb4 19. Bg4 Rc7 20. d6 Qxd6 21. Bxg5
Qg6 22. Qd2 Bf6 23. Qd6 Rc6 24. Qb8+ Kg7 25. Bxf6+ Qxf6 26. Rae1 Qd6 27. Qe8
Nd5 28. Bf3 Nf6 29. Qe3 Rc8 30. Qg5+ Kh8 31. Re5 Rg8 32. Qf5 Rxa4 33. Rfe1 Rg6
34. Bh5 Nxh5 35. Qxf7 Nf6 36. Re6 Qd2 37. Re8+ Ng8 38. Rxg8+ Rxg8 39. Qf6+ 1-0

[Event "Fagernes Chess International"]
[Site "Thon Hotell Fagernes"]
[Date "2016.03.20"]
[Round "8"]
[White "Salomon, Johan"]
[Black "Haug, Johannes"]
[Result "1-0"]
[WhiteElo "2452"]
[BlackElo "2267"]
[PlyCount "49"]
[EventDate "2016.??.??"]

1. d4 Nf6 2. Nf3 e6 3. Bf4 b6 4. e3 Bb7 5. h3 c5 6. c3 Be7 7. Bd3 O-O 8. O-O d6
9. Nbd2 Nbd7 10. Bh2 Re8 11. e4 Bf8 12. e5 dxe5 13. dxe5 Nd5 14. Re1 a6 15. Ne4
b5 16. Bc2 c4 17. Neg5 g6 18. Ne4 Nc5 19. Nd6 Bxd6 20. exd6 f6 21. Qd4 Rc8 22.
Qg4 Qd7 23. Nh4 Nd3 24. Nxg6 f5 25. Ne7+ 1-0

[Event "Fagernes Chess International"]
[Site "Thon Hotell Fagernes"]
[Date "2016.03.20"]
[Round "8"]
[White "Kaasen, Tor Fredrik"]
[Black "Haugli, Petter"]
[Result "0-1"]
[WhiteElo "2209"]
[BlackElo "2244"]
[PlyCount "104"]
[EventDate "2016.??.??"]

1. Nf3 f5 2. g3 Nf6 3. Bg2 g6 4. d4 Bg7 5. c4 O-O 6. Nc3 d6 7. O-O c6 8. b4 e5
9. dxe5 dxe5 10. Qb3 e4 11. Rd1 Qe7 12. Ng5 h6 13. Nh3 Be6 14. Nf4 Bf7 15. b5
c5 16. Bb2 Nbd7 17. Ncd5 Nxd5 18. Nxd5 Bxd5 19. Rxd5 Nb6 20. Rd2 Bxb2 21. Rxb2
Rad8 22. a4 Qf7 23. Rc2 Rd4 24. a5 Nd7 25. f3 Ne5 26. fxe4 fxe4 27. Rf1 Qe6 28.
Rxf8+ Kxf8 29. Qe3 Rd1+ 30. Bf1 Ng4 31. Qf4+ Qf5 32. Rc3 Qxf4 33. gxf4 Nxh2 34.
Kxh2 Rxf1 35. Kg3 Rg1+ 36. Kh4 Rd1 37. Kg4 Kg7 38. f5 g5 39. Re3 Rd4 40. Rh3
Rxc4 41. f6+ Kg6 42. f7 e3+ 43. Kf3 Rf4+ 44. Kxe3 Rxf7 45. Ke4 g4 46. Rc3 b6
47. Kd5 h5 48. e4 h4 49. e5 g3 50. e6 g2 51. exf7 Kxf7 52. Rc1 h3 0-1

[Event "Fagernes Chess International"]
[Site "Thon Hotell Fagernes"]
[Date "2016.03.20"]
[Round "8"]
[White "Dahl, Trygve"]
[Black "Fossan, Andreas"]
[Result "0-1"]
[WhiteElo "2201"]
[BlackElo "2069"]
[PlyCount "126"]
[EventDate "2016.??.??"]

1. d4 d5 2. c4 c6 3. cxd5 cxd5 4. Nc3 Nc6 5. e4 Nf6 6. f3 e6 7. e5 Nd7 8. f4
Qb6 9. Nf3 Be7 10. a3 f6 11. Bd3 O-O 12. Qc2 f5 13. Be3 a5 14. O-O-O Ndb8 15.
g4 Nb4 16. axb4 axb4 17. Nb1 Bd7 18. Qg2 Ra2 19. Rd2 Ba4 20. Bc2 Rc8 21. Kd1
Rxc2 22. Rxc2 Rxb2 23. Nbd2 Rxc2 24. gxf5 exf5 25. Ke2 b3 26. Ne1 Ra2 27. Qxd5+
Kh8 28. Qf7 Bb5+ 29. Kf3 Qg6 30. Qxg6 hxg6 31. d5 b2 32. Nc2 Nd7 33. Bd4 Bd3
34. Ne3 b1=Q 35. Rxb1 Bxb1 36. Nxb1 Rxh2 37. d6 Bxd6 38. exd6 Rh3+ 39. Kg2 Rh4
40. Nd5 Kg8 41. Nbc3 Kf7 42. Nb5 g5 43. fxg5 Rg4+ 44. Kf3 Rxg5 45. Nb6 Nxb6 46.
Bxb6 Ke6 47. Bc7 g6 48. Nd4+ Kd7 49. Nb3 b6 50. Kf4 Rg4+ 51. Ke5 Rb4 52. Nd2 b5
53. Nf3 Re4+ 54. Kd5 b4 55. Nd2 Re1 56. Nc4 Rd1+ 57. Ke5 b3 58. Nb2 Rd2 59. Nc4
Rc2 60. Nb6+ Kc6 61. Nd5 Rc5 62. d7 Rxd5+ 63. Ke6 b2 0-1

[Event "Fagernes Chess International"]
[Site "Thon Hotell Fagernes"]
[Date "2016.03.20"]
[Round "8"]
[White "KjÃ¸lberg, Jens Hjorth"]
[Black "Ranaldi, Lucas"]
[Result "1/2-1/2"]
[WhiteElo "2164"]
[BlackElo "2132"]
[PlyCount "121"]
[EventDate "2016.??.??"]

1. d4 Nf6 2. c4 g6 3. Nc3 Bg7 4. e4 d6 5. h3 O-O 6. Bg5 c5 7. d5 e6 8. Nf3 exd5
9. exd5 Qb6 10. Rb1 Re8+ 11. Be3 Bf5 12. Bd3 Ne4 13. Nxe4 Bxe4 14. O-O Bxd3 15.
Qxd3 a5 16. a3 Na6 17. b3 Qc7 18. Rfe1 Qd7 19. Bd2 Rxe1+ 20. Rxe1 Nc7 21. a4 b6
22. Bc3 Re8 23. Bxg7 Rxe1+ 24. Nxe1 Kxg7 25. Qc3+ f6 26. Qg3 Qe7 27. Nd3 Kf7
28. Qh4 Ke8 29. Qg4 Qd7 30. Qf3 Qe7 31. h4 Kf7 32. h5 Kg7 33. Qg3 Qd7 34. Nf4
Qf5 35. hxg6 hxg6 36. Nd3 Qd7 37. Qe3 Qe8 38. Qg3 Qd7 39. Kh2 Kf7 40. Qe3 Kg7
41. Nf4 Kf7 42. Qe4 f5 43. Qe3 Qe8 44. Qh3 Qe5 45. Qg3 Qh8+ 46. Nh3 Ne8 47. Kg1
Qa1+ 48. Kh2 Qh8 49. f3 Qe5 50. f4 Qh8 51. Qe3 Nc7 52. Kg3 Qd4 53. Ng5+ Kf6 54.
Qxd4+ cxd4 55. Kf3 Na6 56. Ne6 d3 57. Ke3 Nc5 58. Nxc5 bxc5 59. Kxd3 g5 60. Ke3
g4 61. g3 1/2-1/2

[Event "Fagernes Chess International"]
[Site "Thon Hotell Fagernes"]
[Date "2016.03.20"]
[Round "8"]
[White "Gutsko, Anastasia"]
[Black "GrÃ¸nnestad, Anita"]
[Result "1-0"]
[WhiteElo "2154"]
[BlackElo "1957"]
[PlyCount "83"]
[EventDate "2016.??.??"]

1. e4 c6 2. d4 d5 3. Nc3 dxe4 4. Nxe4 Bf5 5. Ng3 Bg6 6. h4 h6 7. Nf3 Nd7 8. h5
Bh7 9. Bd3 Bxd3 10. Qxd3 e6 11. Bf4 Qa5+ 12. Bd2 Qc7 13. Ne4 Ngf6 14. O-O-O
Nxe4 15. Qxe4 Nf6 16. Qe2 O-O-O 17. g3 Bd6 18. c4 Qe7 19. Ne5 Bc7 20. Bc3 Nd7
21. f4 Rhg8 22. Kb1 Kb8 23. a3 Nb6 24. Rhf1 Nc8 25. g4 Qe8 26. Be1 Nd6 27. Bh4
f6 28. Ng6 Qf7 29. Rf3 Rge8 30. Re3 Rd7 31. Be1 f5 32. Ne5 Qe7 33. Nxd7+ Qxd7
34. gxf5 Nxf5 35. Rf3 Nxd4 36. Qe4 c5 37. Bf2 Qa4 38. b3 Nxb3 39. Qc2 Nd2+ 40.
Rxd2 Qc6 41. Rfd3 Qh1+ 42. Qd1 1-0

[Event "Fagernes Chess International"]
[Site "Thon Hotell Fagernes"]
[Date "2016.03.20"]
[Round "8"]
[White "Machlik, Monika"]
[Black "HÃ¸lleland, Sigve"]
[Result "0-1"]
[WhiteElo "2055"]
[BlackElo "2107"]
[PlyCount "82"]
[EventDate "2016.??.??"]

1. d4 Nf6 2. c4 g6 3. Nc3 d5 4. cxd5 Nxd5 5. Na4 Nf6 6. Nf3 Bg7 7. e3 O-O 8.
Be2 Nbd7 9. O-O c6 10. Qc2 Qc7 11. e4 Rd8 12. Bc4 Nb6 13. Nxb6 Qxb6 14. Bg5 Re8
15. Ne5 e6 16. Be3 Nd7 17. Nxd7 Bxd7 18. e5 Qc7 19. b4 a5 20. a3 axb4 21. axb4
Bf8 22. Qc3 Rec8 23. Bd3 Qd8 24. Be4 Qe7 25. Bd2 Rxa1 26. Rxa1 b6 27. Ra7 Qd8
28. Be3 Ra8 29. Rxa8 Qxa8 30. h4 Qa4 31. Bd2 Qd1+ 32. Be1 c5 33. dxc5 bxc5 34.
bxc5 Bxc5 35. Qd2 Qa1 36. Qc3 Qa7 37. Qd3 Bd4 38. h5 Qa1 39. Qe2 Bc3 40. hxg6
hxg6 41. Kf1 Bb5 0-1

[Event "Fagernes Chess International"]
[Site "Thon Hotell Fagernes"]
[Date "2016.03.20"]
[Round "8"]
[White "Pettersen, Joar Gullestad"]
[Black "Risting, Eivind Olav"]
[Result "1/2-1/2"]
[WhiteElo "2062"]
[BlackElo "2102"]
[PlyCount "60"]
[EventDate "2016.??.??"]

1. e4 e6 2. d4 d5 3. Nd2 Nf6 4. e5 Nfd7 5. Bd3 c5 6. c3 Nc6 7. Ne2 cxd4 8. cxd4
f6 9. exf6 Nxf6 10. Nf3 Bd6 11. O-O Qc7 12. h3 O-O 13. Be3 Bd7 14. Re1 a6 15.
Rc1 b5 16. Bb1 Rac8 17. Qd3 Qb8 18. Ng5 Nb4 19. Qd2 Rxc1 20. Rxc1 h6 21. Nf3
Ne4 22. Bxe4 dxe4 23. Ne5 Bxe5 24. Qxb4 Bh2+ 25. Kh1 Bd6 26. Qd2 Rf5 27. Kg1
Bh2+ 28. Kh1 Bd6 29. Kg1 Bh2+ 30. Kh1 Bd6 1/2-1/2

[Event "Fagernes Chess International"]
[Site "Thon Hotell Fagernes"]
[Date "2016.03.20"]
[Round "9"]
[White "Shankland, Samuel L"]
[Black "Salomon, Johan"]
[Result "1-0"]
[WhiteElo "2648"]
[BlackElo "2452"]
[PlyCount "53"]
[EventDate "2016.??.??"]

1. Nf3 Nf6 2. g3 b6 3. Bg2 Bb7 4. O-O g6 5. d4 Bg7 6. c4 O-O 7. d5 Ne4 8. Qc2
f5 9. Rd1 c6 10. Ng5 cxd5 11. cxd5 Nd6 12. Bf4 Na6 13. Nc3 Rc8 14. e4 h6 15.
Bxd6 exd6 16. Nh3 g5 17. exf5 Bxc3 18. bxc3 Qf6 19. f4 g4 20. Nf2 h5 21. Ne4
Qxf5 22. Qd2 Qg6 23. Re1 Nc7 24. c4 Ne8 25. Rac1 Ng7 26. Ng5 Nf5 27. Be4 1-0